000 00580cam a2200193 4500
001 J895
008 090401t1891 xxu||||| |||| 00| 0 eng d
035 _a(Sirsi) u25503
041 _aeng
050 _a526.330994
100 _aTwynam, E.
245 _aTrigonometrical survey of New South Wales: register of co-ordinates and bearings for City of Sydney and environs...1890
260 _aSydney
_bPrinted by George Stephen Chapman
_c1891
300 _a114p. ; 25cm.
350 _a0
710 _aNew South Wales Department of Lands
_9401
942 _n0
948 _c04/03/1997
999 _c88750
_d88750